| 000 | 00610npc a2200205Ia 4500 | ||
|---|---|---|---|
| 001 | ist143-38935 | ||
| 003 | IT-MiCISF | ||
| 008 | 161014s9999||||xx | und|| | ||
| 040 |
_aIT-MiCISF _cIT-MiCISF |
||
| 041 | _ait | ||
| 100 | _aAA.VV. | ||
| 245 | 0 | _aGli stranieri e il carcere: aspetti della detenzione | |
| 250 | _a1a ed. | ||
| 260 |
_a Roma _bIstat _c2003 |
||
| 300 | _app. 126 | ||
| 500 | _aIstituto Nazionale di Statistica / carcere, famiglia-migranti, devianza, devianza-minorile, servizi, statistica / | ||
| 650 | _aemarginazione-devianza | ||
| 942 | _cDD | ||
| 957 | _71 | ||
| 999 |
_a38935 _bsi _g1 _c206266 _d206266 |
||